| 000 | 00510cam a2200157 4500500 | ||
|---|---|---|---|
| 005 | 20260208003817.0 | ||
| 041 | _afre | ||
| 042 | _adc | ||
| 100 | 1 | 0 |
_aBertrand, Olivier _eauthor |
| 700 | 1 | 0 |
_aGuilhaumou, Jacques _eauthor |
| 245 | 0 | 0 | _aLe politique en usages (XIVe -XIXe siècles) |
| 260 | _c2005. | ||
| 500 | _a6 | ||
| 786 | 0 | _nLangage et société | 113 | 3 | 2005-09-01 | p. 7-9 | 0181-4095 | |
| 856 | 4 | 1 | _uhttps://shs.cairn.info/revue-langage-et-societe-2005-3-page-7?lang=fr&redirect-ssocas=7080 |
| 999 |
_c1649008 _d1649008 |
||